Регионална библиотека "Любен Каравелов" - Русе

КИТКА (Запис номер 296300)

MARC детайли
000 -Лидер
Контролно поле с фиксирана дължина 01215nas a2200289 c 4500
003 - Код на организацията, давaща контролен номер
Контролно поле BLK
005 - Дата и час на последна редакция
Контролно поле 20240507153550.0
008 - Елементи от данни с фиксирана дължина
fixed length control field 180413b bul rap|r|||| |0| c1bulo|
010 ## - Наследен системен номер
LC control number PRD00009080000
040 ## - Източник на каталожния запис
Идентификатор на билиотеката - собственик на записа BLK
041 ## - Код за език
Код за езика на текст/звукозапис или на отделно заглавие Български
Код за езика КДБФ Български
080 ## - УДК
Текстов определител УДК Възпитание. Образование. Просвета. Организация на свободното време. Вж и 003;021. 3;159. 9;612;613;727
УДК код - определител по УДК 37
УДК - код + определител 37
110 1# - Редна дума - колетивен орган
Редна дума - наименование на организация или юридическо лице Ред. кол. : Иван Раднев Зринов
9 (RLIN) 361534
245 10 - Сведения за заглавието
Заглавие КИТКА
Редно поле (дума) Ред. кол. : Иван Раднев Зринов
Дата на създаване на произведението Начална год. на издаване: Год. 1, № 1 (1875), Крайна год. на издаване: 1875
257 ## - Страна на издаване
Страна на създаване/издаване България
260 ## - Област на издателските данни
Име на издателя, разпространителя и проч. Ред. на спис.
Печатница Бълг. печ. на Янко С. Ковачев
300 ## - Физическа характеристика
Размери/Мащаб 23
310 ## - Текуща периодчност на изданието
Дни, в които се получава дни, в които се получава: 0000000
Срок за съхранение срок за съхранение: 99
380 ## - Жанр
Жанр Обществени науки
852 ## - Местоположение
Форматна сигнатура Цб Ст 8883
856 ## - Електронен адрес и достъп
Електронен формат pdf - файл
Път до файла /url/
856 ## - Електронен адрес и достъп
Електронен формат pdf - файл
Път до файла /url/
942 ## - АРТИКУЛИ
Вид на библиотечния материал Списания
Скрит в OPAC Не
Периодичен библиозапис Да
Koha issues (borrowed), all copies 1
944 ## - СЪЗДАВАНЕ И РЕДАКЦИЯ на ЗАПИСА
Създаване/Редакция Създаване
Дата на регистрацията/редакция Теодора_Стоянова
Служител, извършил регистрацията/редакцията 30546
Статус, дата на статуса Ренета Константинова
944 ## - СЪЗДАВАНЕ И РЕДАКЦИЯ на ЗАПИСА
Създаване/Редакция Редакция
Дата на регистрацията/редакция Ваня_Йорданова
Служител, извършил регистрацията/редакцията 05.07.2017
999 ## - СИСТЕМНИ КОНТРОЛНИ НОМЕРА
Koha biblionumber 296300
Koha biblioitemnumber 296300
999 ## - СИСТЕМНИ КОНТРОЛНИ НОМЕРА
Koha biblioitemnumber 296300
Наличности
Код за отписване Код за изгубен артикул Източник на класификационната схема Код за повреда Коз за рестрикции Код за отдаване Артикулен № Име на библиотеката - собственик Име на библиотеката, в която се намира в момента Статус (Текущо местоположение) Дата на вписване в системата Местоположение - отдел Цена в лева Номерация (Хронология) Инвентарен номер Систематично азбучна сигнатура Баркод Номер на екземпляра Цена в евро Служебна бележка Служебен тип на артикула Бележка за публиката
  Не е изгубен Universal Decimal Classification Не е повреден само за читалня Специални фондове ( старопечатни, редки и ценни, фонд М. Арнаудов) 646409 Регионална библиотека "Любен Каравелов" Русе Регионална библиотека "Любен Каравелов" Русе Старопечатен фонд 2024-05-07 Старопечатен фонд 0.13 Обхват на том: 1 14124/58 Цб Ст 8883 900000001023 1 0.07 Дост: DA, Вид: А, Годиш. инв.: 1, Дата инв: 12.12.2016, Бележки инв: СТ2016 Списания Год. на изд.: 1875
Vip Innovations Ltd, Rousse, Bulgaria 2025